000 01168nam a2200301Ia 4500
001 ebr10088382
003 CaPaEBR
006 m u
007 cr cn|||||||||
008 030711s2004 si sb 001 0 eng d
020 _z9812380957 (cased)
040 _aCaPaEBR
_cCaPaEBR
035 _a(OCoLC)70744149
050 1 4 _aQA274.2
_b.H53 2004eb
082 0 4 _a519.23
_222
100 1 _aTakeyuki, Hida.
245 1 3 _aAn innovation approach to random fields
_h[electronic resource] :
_bapplication of white noise theory /
_cTakeyuki Hida, Si Si.
260 _aSingapore ;
_aLondon :
_bWorld Scientific,
_cc2004.
300 _axiii, 189 p.
504 _aIncludes bibliographical references and index.
533 _aElectronic reproduction.
_bPalo Alto, Calif. :
_cebrary,
_d2009.
_nAvailable via World Wide Web.
_nAccess may be limited to ebrary affiliated libraries.
650 0 _aStochastic analysis.
650 0 _aRandom fields.
655 7 _aElectronic books.
_2local
700 1 _aSi, Si.
710 2 _aebrary, Inc.
856 4 0 _uhttp://site.ebrary.com/lib/rucke/Doc?id=10088382
_zAn electronic book accessible through the World Wide Web; click to view
999 _c68426
_d68426